Modelovanie financovania eko-inovačných projektov MSP na Slovensku v rámci programu Horizont 2020

Salvato in:
Dettagli Bibliografici
Autore principale: Ferencz, Vojtech
Altri autori: Lešková, Ľubica, 1988-, Krivosudská, Jana, Tarča, Alexander
Natura: Capitolo di libro
Lingua:slovacco
Soggetti:
Tags: Aggiungi Tag
Nessun Tag, puoi essere il primo ad aggiungerne!!

MARC

LEADER 00000naa$a2200000$$$4500
001 0204236
005 20240502073417.2
041 0 |a slo 
044 |a SK 
245 1 0 |a Modelovanie financovania eko-inovačných projektov MSP na Slovensku v rámci programu Horizont 2020  |c Vojtech Ferencz, Ľubica Lešková, Jana Krivosudská, Alexander Tarča 
500 |a Abstrakt 
610 2 0 |a podnik 
610 2 0 |a inovácie environmentálne 
610 2 0 |a zdroje finančné 
610 2 0 |a podnik malý 
610 2 0 |a podnik stredný 
610 2 0 |a podnikanie 
610 2 0 |a kvalita 
610 2 0 |a modelovanie 
100 1 |a Ferencz, Vojtech 
700 1 |a Lešková, Ľubica, 1988- 
700 1 |a Krivosudská, Jana 
700 1 |a Tarča, Alexander